| 000 | 01270nac a22004097a 4500 | ||
|---|---|---|---|
| 001 | BR0902626 | ||
| 003 | BR-BrBNA | ||
| 005 | 20240105123743.0 | ||
| 008 | 230509b bl.|||m| |||| 00| 0 por d | ||
| 040 |
_aBR-BrBNA _bpor _cBiblioteca Nacional de Agricultura |
||
| 072 | _aL01 | ||
| 090 | _a5214 BR0902626 | ||
| 100 | 1 | _aGonçalves, C.A. | |
| 100 | 1 | _aRodrigues Filho, J.A. | |
| 100 | 1 | _aCamarão, A.P. | |
| 100 | 1 | _aAzevedo, G.P.C. | |
| 100 | 1 | _aDutra, S. | |
| 110 | 1 | _aEMBRAPA Amazônia Oriental, Belém, PA (Brasil) | |
| 245 | 1 | _aCrescimento de novilhas suplementadas em pastagem de campim-gobiatã, no nordeste paraense | |
| 260 | 3 |
_aBelém, PA (Brasil): _c2005. |
|
| 300 | _a32 p. | ||
| 490 |
_aBoletim de Pesquisa e Desenvolvimento - EMBRAPA Amazônia Oriental (Brazil) _vno. 46 _xISSN 1676-5265 |
||
| 500 | _aSummaries (En, Pt); 15 illus.; 31 ref. | ||
| 650 | _aGADO LEITEIRO | ||
| 650 | _aNOVILHO | ||
| 650 | _aCRESCIMENTO | ||
| 650 | _aNUTRIÇÃO ANIMAL | ||
| 650 | _aGANHO DE PESO | ||
| 650 | _aFORRAGEM | ||
| 650 | _aCAPIM COLONIÃO | ||
| 650 | _aPANICUM MAXIMUM | ||
| 650 | _aCUSTO | ||
| 650 | _aPRODUTIVIDADE | ||
| 650 | _aIMPACTO ECONÔMICO | ||
| 909 |
_a202312 _bLúcia Elande _c55 _dLúcia Elande |
||
| 942 |
_2AGRIS _n0 _cMS |
||
| 999 |
_c296856 _d296856 |
||